[Event "Hamburger Liga Aufstieg"]
[Site "Hamburg"]
[Date "2007.08.25"]
[Round "4.14"]
[White "Schulz, Hugo"]
[Black "Raedisch, Peter"]
[Result "0-1"]
[WhiteElo "1586"]
[BlackElo "1773"]
[PlyCount "130"]
[EventDate "2007.08.13"]
[EventType "swiss"]
[EventRounds "7"]
[EventCountry "GER"]
[SourceTitle "EXT 2022"]
[Source "ChessBase"]
[SourceDate "2021.10.06"]
[SourceVersion "1"]
[SourceVersionDate "2021.10.06"]
[SourceQuality "1"]

1. d4 d5 2. Nf3 Bf5 3. e3 a6 4. c4 Bxb1 5. Rxb1 c6 6. Bd3 e6 7. c5 Nf6 8. Ne5 Nbd7 9. f4 g6 10. 0-0 h5 11. Qc2 Rg8 12. h3 Rg7 13. Bd2 Ng8 14. Be1 Nh6 15. e4 dxe4 16. Bxe4 Nf6 17. Nf3 Nd5 18. Bxd5 Qxd5 19. b3 Nf5 20. Qd3 Bxc5 21. Bf2 0-0-0 22. Rfd1 Kb8 23. g4 hxg4 24. hxg4 Nh6 25. Ne5 Ba7 26. Qh3 Rgg8 27. g5 Nf5 28. Nxf7 Rdf8 29. Ne5 Ne7 30. Qg2 Qd6 31. Nc4 Qc7 32. Ne5 Ka8 33. Rbc1 Rxf4 34. Bg3 Bxd4+ 35. Rxd4 Rxd4 36. Nxc6 Rd1+ 37. Rxd1 Qxc6 38. Qxc6 Nxc6 39. Rd6 Re8 40. Kg2 Ka7 41. Bf2+ Kb8 42. Bb6 Kc8 43. Kg3 Nb8 44. Rd3 Nc6 45. Rd6 Ne5 46. Rd1 Nf7 47. Rc1+ Kb8 48. Kg2 e5 49. Rc7 Re6 50. Rxf7 Rxb6 51. Re7 Rb4 52. Kf3 Rf4+ 53. Ke3 Rf5 54. Ke4 Rxg5 55. Rxe5 Rxe5+ 56. Kxe5 Kc7 57. Kf6 b5 58. a3 a5 59. Ke6 Kc6 60. Ke5 Kc5 61. Ke4 b4 62. a4 g5 63. Kd3 g4 64. Ke3 g3 65. Kf3 Kd4 0-1

[Event "Hamburg Weisse Dame op 11th"]
[Site "Hamburg"]
[Date "2005.09.17"]
[Round "2.11"]
[White "Herbold, Nora Marina"]
[Black "Schulz, Hugo"]
[Result "1/2-1/2"]
[WhiteElo "1494"]
[BlackElo "1634"]
[PlyCount "78"]
[EventDate "2005.09.17"]
[EventType "swiss"]
[EventRounds "5"]
[EventCountry "GER"]
[SourceTitle "EXT 2006"]
[Source "ChessBase"]
[SourceDate "2005.11.24"]
[SourceVersion "1"]
[SourceVersionDate "2005.11.24"]
[SourceQuality "1"]

1. e4 c6 2. d4 d5 3. Nc3 dxe4 4. Nxe4 Bf5 5. Ng3 Bg6 6. h4 h6 7. h5 Bh7 8. Nf3 Nd7 9. Bd3 Bxd3 10. Qxd3 Ngf6 11. Bf4 Nd5 12. Bd2 e6 13. 0-0-0 Qc7 14. c4 N5f6 15. Kb1 Bd6 16. Ne4 Nxe4 17. Qxe4 Nf6 18. Qc2 0-0-0 19. Rc1 Rhe8 20. Qa4 Kd7 21. c5 Bf4 22. Bxf4 Qxf4 23. Qxa7 Qb8 24. Ne5+ Kc8 25. Qxb8+ Kxb8 26. Rh4 Re7 27. Rc3 Nd5 28. Rb3 Kc7 29. Rg3 f6 30. Ng6 Red7 31. Nf4 Re8 32. a3 b6 33. Rhg4 Nxf4 34. Rxf4 e5 35. cxb6+ Kxb6 36. dxe5 Rxe5 37. Rc3 Rxh5 38. Rb4+ Rb5 39. Rxb5+ cxb5 1/2-1/2

[Event "Norderstedt op 5th"]
[Site "Norderstedt"]
[Date "2005.03.28"]
[Round "2.23"]
[White "Altenburg, Nils"]
[Black "Schulz, Hugo"]
[Result "1/2-1/2"]
[WhiteElo "1495"]
[BlackElo "1675"]
[PlyCount "77"]
[EventDate "2005.03.27"]
[EventType "swiss"]
[EventRounds "7"]
[EventCountry "GER"]
[SourceTitle "EXT 2006"]
[Source "ChessBase"]
[SourceDate "2005.11.24"]
[SourceVersion "1"]
[SourceVersionDate "2005.11.24"]
[SourceQuality "1"]

1. e4 c6 2. d4 d5 3. exd5 cxd5 4. Nc3 Nf6 5. Bb5+ Nc6 6. h3 Bd7 7. Nf3 a6 8. Bxc6 bxc6 9. Ne5 Rc8 10. Nxd7 Qxd7 11. Qd3 Qb7 12. 0-0 e6 13. Bg5 Be7 14. Na4 c5 15. dxc5 Qb5 16. b3 Ne4 17. Bxe7 Kxe7 18. Rfe1 Rhd8 19. Rad1 Nxc5 20. Nxc5 Rxc5 21. Qxh7 g6 22. Qh4+ Ke8 23. c4 Qa5 24. Qf6 d4 25. Rxe6+ fxe6 26. Qxe6+ Kf8 27. Qf6+ Ke8 28. Qh8+ Ke7 29. Qg7+ Ke8 30. Qxg6+ Kf8 31. Qf6+ Ke8 32. Qe6+ Kf8 33. Rd3 Rf5 34. Rg3 Rf7 35. Qh6+ Ke7 36. Qh4+ Kd7 37. Qxd4+ Kc8 38. Qg4+ Kc7 39. Qe6 1/2-1/2